Using the building regulations (Record no. 104385)

MARC details
000 -LEADER
fixed length control field 01269cam a2200253 4500
001 - CONTROL NUMBER
control field ##L130185
008 - FIXED-LENGTH DATA ELEMENTS--GENERAL INFORMATION
fixed length control field 050630n2005 000 0 eng u
020 ## - INTERNATIONAL STANDARD BOOK NUMBER
International Standard Book Number 0750662573
035 ## - SYSTEM CONTROL NUMBER
System control number (Sirsi) u130185
041 0# - LANGUAGE CODE
Language code of text/sound track or separate title eng
050 04 - LIBRARY OF CONGRESS CALL NUMBER
Classification number 692.2 $2 18
100 1# - MAIN ENTRY--PERSONAL NAME
Personal name Billington, M. J.
245 00 - TITLE STATEMENT
Title Using the building regulations
Remainder of title administrative procedures
260 ## - PUBLICATION, DISTRIBUTION, ETC.
Place of publication, distribution, etc. Oxford
Name of publisher, distributor, etc. Elsevier Butterworth Heinemann
Date of publication, distribution, etc. 2005
300 ## - PHYSICAL DESCRIPTION
Extent ix, 294p, 25cm
350 ## - PRICE (NR) (BK AM CF MU VM SE) [OBSOLETE]
Price 29.99
520 ## - SUMMARY, ETC.
Summary, etc. Presents a detailed analysis of the administrative and procedural regulations and the processes that can be used for building control. This is the most neglected part of the whole building control system. Introduces the Building Regulations and covers a brief history of building control, controlling legislation and the application of the Regulations, control systems, enforcement actions and satisfying the requirements of the Regulations. Appendices comment on the Building Regulations 2000, Building (Approved Inspectors Etc) Regulations 2000 and local Acts of Parliament.
590 ## - LOCAL NOTE (RLIN)
Local note IKA111005
650 24 - SUBJECT ADDED ENTRY--TOPICAL TERM
Topical term or geographic name entry element BUILDING REGULATIONS 2000
650 24 - SUBJECT ADDED ENTRY--TOPICAL TERM
Topical term or geographic name entry element BUILDING (APPROVED INSPECTORS ETC.) REGULATIONS 2000
690 ## - LOCAL SUBJECT ADDED ENTRY--TOPICAL TERM (OCLC, RLIN)
Topical term or geographic name as entry element Building regulations
9 (RLIN) 6224
942 ## - ADDED ENTRY ELEMENTS (KOHA)
Suppress in OPAC 0
Holdings
Withdrawn status Lost status Source of classification or shelving scheme Damaged status Not for loan Home library Current library Shelving location Date acquired Cost, normal purchase price Total Checkouts Full call number Barcode Date last seen Date last checked out Copy number Cost, replacement price Price effective from Koha item type
    Dewey Decimal Classification     London London Books 29/09/2005 25.50 16 692.2 BIL 30071368 06/08/2019 30/09/2009 1 25.50 06/08/2019 Book